Analýza štruktúry spotrebných výdavkov domácností na Slovensku bakalárska práca

Uložené v:
Podrobná bibliografia
Hlavný autor: Semančík, Peter
Korporativný autor: Podnikovohospodárska fakulta EU so sídlom v Košiciach. Katedra hospodárskej informatiky a matematiky
Ďalší autori: Megyesiová, Silvia, 1969-
Médium: Kniha
Jazyk:Slovak
Vydavateľské údaje: Košice 2014
Tagy: Pridať tag
Žiadne tagy, Buďte prvý, kto otaguje tento záznam!

MARC

LEADER 00000nbm a2200000 4500
001 0189191
005 20170201085019.6
041 0 |a slo 
044 |a SK 
245 1 0 |a Analýza štruktúry spotrebných výdavkov domácností na Slovensku  |b bakalárska práca  |c Peter Semančík ; školiteľ: Silvia Megyesiová 
264 1 |a Košice  |c 2014 
300 |a 47 s. 
100 1 |a Semančík, Peter 
700 1 |a Megyesiová, Silvia, 1969- 
710 2 |a Podnikovohospodárska fakulta EU so sídlom v Košiciach. Katedra hospodárskej informatiky a matematiky